Informal governance in politics/ (Record no. 761036)

MARC details
000 -LEADER
fixed length control field 00369nam a22001217a 4500
020 ## - INTERNATIONAL STANDARD BOOK NUMBER
ISBN 9781009180542
082 ## - DEWEY DECIMAL CLASSIFICATION NUMBER
Classification number 327.101 4 ABB/I
245 ## - TITLE STATEMENT
Title Informal governance in politics/
Statement of responsibility, etc edited by Kenneth W.Abbott and Thomas J. Biersteker
260 ## - PUBLICATION, DISTRIBUTION, ETC. (IMPRINT)
Place of publication . -U K
Name of publisher ; Cambridge University press
Year of publication , 2024
300 ## - PHYSICAL DESCRIPTION
Number of Pages xvi+319 pages
942 ## - ADDED ENTRY ELEMENTS (KOHA)
Source of classification or shelving scheme Dewey Decimal Classification
Koha item type Reference
Holdings
Withdrawn status Lost status Source of classification or shelving scheme Damaged status Not for loan Home Library Current Location Shelving location Date acquired Full call number Accession Number Price effective from Koha item type
    Dewey Decimal Classification     Dept. of Political Science Dept. of Political Science Reference 29/01/2026 R 327.101 4 ABB/I POL23892 24/06/2026 Reference